Applied office administrative procedures and business communication (Record no. 27385)

MARC details
000 -LEADER
fixed length control field 00470nam a2200181Ia 4500
020 ## - INTERNATIONAL STANDARD BOOK NUMBER
ISBN 9789781755057
050 ## - CALL MARK
Classification number HF 5351 .A38/
100 ## - STATEMENT OF RESPONSIBILITY--MAIN AUTHOR NAME
Personal name Ahukannah, L. I.
245 #0 - TITLE STATEMENT
Title Applied office administrative procedures and business communication
260 ## - PUBLICATION, DISTRIBUTION, ETC. (IMPRINT)
Place of publication Onitsha
260 ## - PUBLICATION, DISTRIBUTION, ETC. (IMPRINT)
Name of publisher Africana First Publishers PLC
260 ## - PUBLICATION, DISTRIBUTION, ETC. (IMPRINT)
Year of publication 2009
300 ## - PHYSICAL DESCRIPTION
Number of Pages 363 p
650 ## - SUBJECT ADDED ENTRY--TOPICAL TERM
Topical Term Busines
942 ## - ADDED ENTRY ELEMENTS (KOHA)
Koha item type Books
Holdings
Withdrawn status Lost status Source of classification or shelving scheme Damaged status Not for loan Permanent Location Current Location Date acquired Accession Number Price effective from Koha item type
    Library of Congress Classification     NILE UNIVERSITY OF NIGERIA - MAIN LIBRARY NILE UNIVERSITY OF NIGERIA - MAIN LIBRARY 04/23/2025 0186062 04/23/2025 Books